LEADER 00909nam0-22003131i-450- 001 990004381510403321 005 20030404 010 $a0-7190-5722-1 035 $a000438151 035 $aFED01000438151 035 $a(Aleph)000438151FED01 035 $a000438151 100 $a20030404d2001----km-y0itay50------ba 101 0 $aeng 102 $aGB 105 $aa-------001yy 200 1 $aDrama + theory$ecritical approaches to modern british drama$fPeter Buse 210 $aManchester and New York$cManchester University press$d2001 215 $aXI, 204 p.$d22 cm 610 0 $aLetteratura drammatica inglese$aSec.20.$aAnalisi strutturale 676 $a822.91409$v21$zit 700 1$aBuse,$bPeter$0175951 801 0$aIT$bUNINA$gRICA$2UNIMARC 901 $aBK 912 $a990004381510403321 952 $aP.3 B 13662$fFLFBC 959 $aFLFBC 996 $aDrama + theory$9541463 997 $aUNINA LEADER 01226cam0-2200373---450- 001 990004677390403321 005 20110211115450.0 035 $a000467739 035 $aFED01000467739 035 $a(Aleph)000467739FED01 035 $a000467739 100 $a19990604d1973----km-y0itay50------ba 101 0 $aita 102 $aIT 105 $ay-------001yy 200 1 $aAmore e Psiche$estruttura di una "Fiaba di magia"$fTeresa Mantero 210 $aGenova$cIstituto di Filologia classica e medievale$d1973 215 $a228 p.$d22 cm 225 1 $aPubblicazioni dell'Istituto di filologia classica dell'Università di Genova$v36 304 $aSul front.: Università di Genova, Facoltà di Lettere 610 0 $aApuleio$aMetamorfosi$aAmore e Psiche$aFiaba 676 $a873.01 700 1$aMantero,$bTeresa$0162532 702 1$aApuleius$f<2. sec.> 801 0$aIT$bUNINA$gRICA$2UNIMARC 901 $aBK 912 $a990004677390403321 952 $aFonti II Apuleius St. 8$b1436$fNAP02 952 $aP2B-650-APUL.-8M.T.-1973$bIst.Fil.cl. 4995$fFLFBC 952 $aP2B-650-APUL.-8M.T.-1973 bis$bBibl. 47439$fFLFBC 959 $aFLFBC 959 $aNAP02 996 $aAmore e Psiche$9554973 997 $aUNINA LEADER 01042nam1 2200253 i 450 001 VAN00107868 005 20240806100735.254 100 $a20170215d2015 |0itac50 ba 101 $aeng 102 $aCH 105 $a|||| ||||| 200 1 $aAdvances in Structural Engineering$fedited by Vasant Matsagar 210 $aCham$cSpringer 215 $avolumi$d24 cm. 463 1$1001VAN00107869$12001 $aˆ1:‰Mechanics$fedited by Vasant Matsagar$1210 $aCham$cSpringer$d2015$1215 $a748 p.$d24 cm$v1 463 1$1001VAN00107870$12001 $aˆ2:‰Dynamics$fedited by Vasant Matsagar$1210 $aCham$cSpringer$d2015$1215 $a1616 p.$d24 cm$v2 463 1$1001VAN00107871$12001 $aˆ3:‰Materials$fedited by Vasant Matsagar$1210 $aCham$cSpringer$d2015$1215 $a2657 p.$d24 cm$v3 620 $aCH$dCham$3VANL001889 702 1$aMatsagar$bVasant$3VANV083243 712 $aSpringer $3VANV108073$4650 801 $aIT$bSOL$c20240906$gRICA 912 $aVAN00107868 996 $aAdvances in Structural Engineering$91407673 997 $aUNICAMPANIA LEADER 04069nam 22005895 450 001 9910255092403321 005 20240724134109.0 010 $a9783319642093 010 $a331964209X 024 7 $a10.1007/978-3-319-64209-3 035 $a(CKB)4340000000223303 035 $a(DE-He213)978-3-319-64209-3 035 $a(MiAaPQ)EBC5164449 035 $a(Perlego)3497421 035 $a(EXLCZ)994340000000223303 100 $a20171128d2017 u| 0 101 0 $aeng 135 $aurnn#008mamaa 181 $ctxt$2rdacontent 182 $cc$2rdamedia 183 $acr$2rdacarrier 200 10$a9/11 in European Literature $eNegotiating Identities Against the Attacks and What Followed /$fedited by Svenja Frank 205 $a1st ed. 2017. 210 1$aCham :$cSpringer International Publishing :$cImprint: Palgrave Macmillan,$d2017. 215 $a1 online resource (XI, 386 p. 5 illus.) 311 08$a9783319642086 311 08$a3319642081 320 $aIncludes bibliographical references at the end of each chapters and index. 327 $a9/11 in European Literature. Negotiating Identities Against the Attacks and What Followed -- 9/11: The Interpretation of Disaster as Disaster of Interpretation - an American Catastrophe Reflected in American and European Discourses -- The Wind of the Hudson: Gerhard Richter's September (2005) and the European Perception of Catastrophe -- Burning from the inside out': Let the Great World Spin (2009) -- Seeing is Disbelieving: The Contested Visibility of 9/11 in France -- Cultural and Historical Memory in English and German Discursive Responses to 9/11 --  The Post-9/11 World in Three Polish Responses: Zagajewski, Skolimowski, Tochman -- The Islamic World as Other in Oriana Fallaci's 'Trilogy' -- National Identity and Literary Culture after 9/11:Pro- and Anti-Americanism in Frédéric Beigbeder's Windows on the World(2003) and Thomas Hettche's Woraus wir gemacht sind (2006) -- The Mimicry of Dialogue: Thomas Lehr's September. Fata Morgana (2010) -- Europe and Its Discontents: Intra-European Violence in Dutch Literature after 9/11 -- Tourist/Terrorist. Narrating Uncertainty in Early European Literature on Guantánamo -- Appendix. 330 $aThis volume looks at the representation of 9/11 and the resulting wars in European literature. In the face of inner-European divisions the texts under consideration take the terror attacks as a starting point to negotiate European as well as national identity. While the volume shows that these identity formations are frequently based on the construction of two Others-the US nation and a cultural-ethnic idea of Muslim communities-it also analyses examples which undermine such constructions. This much more self-critical strand in European literature unveils the Eurocentrism of a supposedly general humanistic value system through the use of complex aesthetic strategies. These strategies are in itself characteristic of the European reception as the Anglo-Irish, British, Dutch, Flemish, French, German, Italian, and Polish perspectives collected in this volume perceive of the terror attacks through the lens of continental media and semiotic theory.  . 606 $aEuropean literature 606 $aLiterature, Modern$y20th century 606 $aLiterature, Modern$y21st century 606 $aComparative literature 606 $aEuropean Literature 606 $aContemporary Literature 606 $aTwentieth-Century Literature 606 $aComparative Literature 615 0$aEuropean literature. 615 0$aLiterature, Modern 615 0$aLiterature, Modern 615 0$aComparative literature. 615 14$aEuropean Literature. 615 24$aContemporary Literature. 615 24$aTwentieth-Century Literature. 615 24$aComparative Literature. 676 $a809.4 702 $aFrank$b Svenja$4edt$4http://id.loc.gov/vocabulary/relators/edt 906 $aBOOK 912 $a9910255092403321 996 $a??????????????$93416123 997 $aUNINA